Birds: (Record no. 362005)
[ view plain ]
| 000 -LEADER | |
|---|---|
| fixed length control field | 00388nam a2200133Ia 4500 |
| 008 - FIXED-LENGTH DATA ELEMENTS--GENERAL INFORMATION | |
| fixed length control field | 190723s9999 xx 000 0 und d |
| 020 ## - INTERNATIONAL STANDARD BOOK NUMBER | |
| International Standard Book Number | 9780895770652 |
| 100 ## - MAIN ENTRY--PERSONAL NAME | |
| Personal name | Reader's Digest |
| 245 ## - TITLE STATEMENT | |
| Statement of responsibility, etc | Reader's Digest |
| Title | Birds: |
| Remainder of title | their life their ways their world/ |
| 260 ## - PUBLICATION, DISTRIBUTION, ETC. (IMPRINT) | |
| Place of publication, distribution, etc | New York: |
| Name of publisher, distributor, etc | Abrams |
| Date of publication, distribution, etc | 1979 |
| 300 ## - PHYSICAL DESCRIPTION | |
| Extent | 411 p. : |
| Other physical details | col. ill. ; |
| Dimensions | 280 cm. |
| 500 ## - GENERAL NOTE | |
| General note | Includes index |
| 650 ## - SUBJECT ADDED ENTRY--TOPICAL TERM | |
| Topical term or geographic name as entry element | Birds |
| Withdrawn status | Lost status | Damaged status | Home library | Current library | Shelving location | Date acquired | Source of acquisition | Total Checkouts | Full call number | Barcode | Date last seen | Price effective from | Koha item type |
|---|---|---|---|---|---|---|---|---|---|---|---|---|---|
| Luxembourg Library | Luxembourg Library | High School Section | 07/23/2019 | QL 673 .R286 1979 | 20731 | 03/18/2020 | 07/23/2019 | Books |